| 000 | 00488nam a2200169 i 4500 | ||
|---|---|---|---|
| 001 | 37808 | ||
| 003 | ES-MaACL | ||
| 005 | 20230906155639.0 | ||
| 007 | t| | ||
| 008 | 030221n18001899sz ||||1| fre d | ||
| 100 | 1 |
_aByse, Charles. _933029 |
|
| 245 | 1 | 0 |
_aSwédenborg / _cCharles Byse. |
| 260 |
_aLaussanne : _bGeorges Bridel, _c[18--?] ( _fImp. Reunies) |
||
| 300 |
_a5 v. ; _c19 cm. |
||
| 500 | _aEl Vol. 1 carece de portada y de las 16 primeras hojas. | ||
| 852 |
_aES-MaACL _jF-7926-30 |
||
| 999 |
_c37808 _d37808 |
||